Normal view
MARC view
- Dr. H. N. Tewari
Entry Personal Name
001 - CONTROL NUMBER
- control field: 5535
003 - CONTROL NUMBER IDENTIFIER
- control field: OSt
005 - DATE AND TIME OF LATEST TRANSACTION
- control field: 20231011020459.0
008 - FIXED-LENGTH DATA ELEMENTS
- fixed length control field: 231011|| aca||aabn | a|a d
040 ## - CATALOGING SOURCE
- Original cataloging agency: OSt
- Transcribing agency: OSt
100 ## - HEADING--PERSONAL NAME
- Personal name: Dr. H. N. Tewari
670 ## - SOURCE DATA FOUND
- Source citation: Work cat.: (OSt)3128: Tewari, Dr. H. N. 5534, Legal Research Methodology/ , c1997
